| 000 | 00973nas a2200301 4500 | ||
|---|---|---|---|
| 001 | BR2012004177 | ||
| 003 | BR-BrBNA | ||
| 005 | 20231205120719.0 | ||
| 007 | ta | ||
| 008 | 230509b bl.|||p| |||| 00| 00por d | ||
| 040 |
_aBR-BrBNA _bpor _cBiblioteca Nacional de Agricultura |
||
| 041 | _a(En) | ||
| 072 | _aF60 | ||
| 100 | 1 | _aRodrigues, J.A.G. | |
| 100 | 1 | _aVanderlei, E. de S.O. | |
| 100 | 1 | _aQuinderé, A.L.G. | |
| 100 | 1 | _aQueiroz, I.N.L. de | |
| 100 | 1 | _aBessa, E.F. | |
| 100 | 1 | _aBenevides, N.M.B. | |
| 245 | 1 | _aAnalysis of two drying methods on the yeld and activity of sulfated polysaccharides extracted from Halymenia sp. (Rhodophyceae) | |
| 650 | _aBIOTECNOLOGIA | ||
| 650 | _aANÁLISE QUÍMICA | ||
| 650 | _aSECAGEM | ||
| 650 | _aALGA VERMELHA | ||
| 773 | 0 |
_tActa Scientiarum. Biological Sciences (Brazil) _xISSN 1679-9283 _g(Jan-Mar 2012), v. 34(1) p. 5-11 _wBR2012004177 |
|
| 909 |
_a202311 _bLúcia _c55 _dLúcia Elande |
||
| 942 |
_2AGRIS _n0 _cANA |
||
| 999 |
_c219919 _d219919 |
||